| 000 | 00470nam a22001457a 4500 | ||
|---|---|---|---|
| 082 | _a670 | ||
| 100 | _aAleem, Muhammad | ||
| 245 |
_aDynamic Solidification of Sand Cast Cartridge Brass _cMuhammad Aleem |
||
| 260 |
_aIslamabad : _bSMME - NUST, _c2017. |
||
| 300 |
_a39 p. ; _c30cm. |
||
| 650 |
_aDesign and Manufacturing Engineering-MS-Thesis _916133 |
||
| 700 |
_aDr. Mushtaq Khan _916155 |
||
| 942 |
_2ddc _cTHE |
||
| 999 |
_c541092 _d541092 |
||